01113nam a2200253Ia 4500003000900000008004100009020002300050040001600073080002200089110004600111111010500157245019400262260006100456300001500517490006600532650001800598700002900616700002600645700003000671700002800701942000700729999001700736952010600753IN-BaIIA211028s9999 xx 000 0 eng d a978-1-58381--694-3 cIIA Library a082.2:52bASP-407 aAstronomical Society of the Pacific91154 aAn Event Commemorating the Birth Centenary of Dr. Homi J. BhabhacPune, Indiad2008 Dec. 8-12934467 4aThe Low- frequency radio universebproceedings of an event commemorating the birth centenary of Dr. Homi J Bhabha held in Pune, India, December 8-12, 2008cedited by D. J. Saikia…[et al.] aSan FranciscobAstronomical Society of the Pacificc2009 axxv, 457p. aAstronomical Society of the Pacific conference series; v. 407 aAstronomy980 aGreen, D. A., ed.934468 aGupta, Y., ed.928516 aSaikia, D. J., ed.934469 aVenturi, T., ed.934470 cBK c18086d18086 00104070aBANbBANcGENd2011-07-25l0o082.2:52/ ASP-407p19008r2021-11-05w2011-07-25yBK 77.00